| 000 | 00787cam a2200217 4500 | ||
|---|---|---|---|
| 001 | WB3744-30 | ||
| 008 | 011121n2001 000 0 eng u | ||
| 035 | _a(Sirsi) u115665 | ||
| 245 | _a£3.5m in government aid paid out | ||
| 260 | _c2001 | ||
| 490 |
_aDETR Press Release _v(492) 16 November 2001, (1) |
||
| 520 | _aGovernment has given £3.5mto date to local councils affected by foot and mouth disease. FMD applications under the Belwin compensation scheme are now closed with no outbreaks reported for some time. | ||
| 590 | _aWB | ||
| 650 | _aFOOT-AND-MOUTH DISEASE | ||
| 650 | _aBELLWIN SCHEME | ||
| 650 | _aLOCAL COUNCILS | ||
| 650 | _aLOCAL GOVERNMENT AND HOUSING ACT 1989 | ||
| 650 | _aEMERGENCY MEASURES | ||
| 690 | _aRURAL-AGRICULTURE AND FORESTRY | ||
| 942 | _n0 | ||
| 999 |
_c68888 _d68888 |
||